Νέος μονόλογος για τη φωτογραφία και την τέχνη
Saved in:
| Main Author: | |
|---|---|
| Format: | Book |
| Language: | Greek |
| Published: |
Αθήνα :
Φωτοχώρος,
2020.
|
| Subjects: | |
| Tags: |
Add Tag
No Tags, Be the first to tag this record!
|
MARC
| LEADER | 00000nam a2200000 a 4500 | ||
|---|---|---|---|
| 001 | 1/127523 | ||
| 008 | 231019s2020####gr | ||| |||| ||gre|| | ||
| 020 | |a 9789607404961 | ||
| 040 | |a GR-MyUa |b gre |c GR-MyUa |e AACR2 | ||
| 041 | 0 | |a gre | |
| 082 | 7 | |a 770.1 |2 (23) | |
| 100 | 1 | |a Ριβέλλης, Πλάτων, |d 1945- | |
| 245 | 1 | 0 | |a Νέος μονόλογος για τη φωτογραφία και την τέχνη / |c Πλάτων Ριβέλλης. |
| 260 | |a Αθήνα : |b Φωτοχώρος, |c 2020. | ||
| 300 | |a 158 σ., [25] φύλλα με φωτογραφίες : |b εικ. ; |c 21 εκ. | ||
| 650 | 0 | |a Photography, Artistic. | |
| 650 | 0 | |a Photography |x Philosophy. | |
| 852 | |a INST |b SYROS |e 20231013 |h 770.1 ΡΙΒ |p 005500016226 |q 005500016226 |t BK |y 0 | ||
| 970 | |a Κοντού |b Παρασκευή |z 19/10/2023 | ||